Canciones de Bon Jovi - ¡Muerte súbita! - Estadísticas

Estadísticas generales
  • Esta prueba ha sido intentada 46 veces
  • La puntuación promedio es 7 de 20
Answers on the Grid
Answers color-coded by a green-red scale on the quiz's grid according to % correct below.
Livin' On A Prayer
You Give Love A Bad Name
It's My Life
Bad Medicine
Lay Your Hands On Me
Let It Rock
Social Disease
Never Say Goodbye
Bed Of Roses
I'll Be There For You
Wanted Dead Or Alive
Only Lonely
She Don't Know Me
Keep The Faith
Dry County
Thank You For Loving Me
This Ain't A Love Song
Have A Nice Day
Living In Sin
Always
Loving You Sunday Morning
Hammer To Fall
Lady Starlight
Every Minute Every Day
Smells Like Teen Spirit
Is This Love
Highway to Hell
The Final Countdown
Stairway to Heaven
Live Is Life
Heart-Shaped Box
Another One Bites The Dust
 
Estadísticas de respuestas
Respuesta % Correcto
It's My Life
88%
Livin' On A Prayer
88%
Always
76%
You Give Love A Bad Name
68%
Bed Of Roses
56%
Bad Medicine
47%
Have A Nice Day
44%
Wanted Dead Or Alive
41%
This Ain't A Love Song
38%
Keep The Faith
35%
I'll Be There For You
32%
Lay Your Hands On Me
24%
Living In Sin
21%
Never Say Goodbye
18%
Only Lonely
18%
Thank You For Loving Me
15%
Dry County
12%
She Don't Know Me
12%
Let It Rock
6%
Social Disease
6%
No se encontraron pruebas coincidentes
Distribución de puntuación
Porcentaje de gente con cada puntuación
Porcentaje por número respondido
Historial de tus puntuaciones
No has intentado esta prueba.